00615nam a22001937a 4500003000900000005001700009008002400026020001500050040002200065082002300087100001900110245008600129260005000215300002100265490002200286534006200308650001900370700003200389DO-SdBNP20221121090044.0151005b19uu sp| 0 spa d a8440209177 aBPMSUbspacBPMSU 4a823.91bW187h 2221 aWallace, Edgar13aEl hombre del antifaz blanco /cEdgar Wallace ; traducción Armando Lázaro Ros aBarcelona :bLitografía Rosés, c[190-?]. a173 p. ;c18 cm.0 aEl observadorv29 aTítulo original : tThe door with seven locks whit face 4aNovela inglesa1 aLázaro Ros, Armandoetr.